Statistics for Top 5 Best NBA teams of the 60's

Click here to take the quiz!

General Stats

  • This quiz has been taken 66 times
  • The average score is 4 of 5

Answer Stats

WinsTeam% Correct
571Boston Celtics
100%
447Minneapolis/Los Angeles Lakers
98%
486Syracuse Nationals/Philadelphia 76ers
86%
444St. Louis/Atlanta Hawks
72%
404Cincinnati Royals
63%

Score Distribution

Percentile by Number Answered

Percent of People with Each Score

Your Score History

You have not taken this quiz